Inštitúcie EÚ

Budúca zmluva o fungovaní Európskej únie. Verejná správa a inštitúcie EÚ. Agentúry a medziinštitucionálne orgány EÚ. Agentúry spoločnej zahraničnej a bezpečnostnej politiky. "Medziinštitucionálne" orgány. Orgány a agentúry EURATOM. Prehľad ďalších vybraných inštitúcií EÚ. Lisabonská zmluva. Európske...

Descrizione completa

Salvato in:
Dettagli Bibliografici
Autore principale: Tkáč, Vojtech
Natura: Capitolo di libro
Lingua:slovacco
Soggetti:
Tags: Aggiungi Tag
Nessun Tag, puoi essere il primo ad aggiungerne!!

MARC

LEADER 00000naa$a2200000$$$4500
001 0108652
005 20231120114319.0
041 0 |a slo 
044 |a SK 
245 1 0 |a Inštitúcie EÚ  |c Vojtech Tkáč 
520 |a Budúca zmluva o fungovaní Európskej únie. Verejná správa a inštitúcie EÚ. Agentúry a medziinštitucionálne orgány EÚ. Agentúry spoločnej zahraničnej a bezpečnostnej politiky. "Medziinštitucionálne" orgány. Orgány a agentúry EURATOM. Prehľad ďalších vybraných inštitúcií EÚ. Lisabonská zmluva. Európske fórum správy a riadenia spoločností. Vyhľadávanie informácií. Vyhľadávanie právnych predpisov Európskej únie. Adresy. 
610 2 0 |a inštitúcia 
610 2 0 |a Európska únia 
610 2 0 |a zmluvy 
610 2 0 |a správa verejná 
610 2 0 |a politika zahraničná 
610 2 0 |a politika bezpečnostná 
610 2 0 |a asociácie 
610 2 0 |a informácie 
100 1 |a Tkáč, Vojtech